Loading...
| Ancient History and Archaeology | 2 | 10.00 | 100% | 0% | 0% |
| Beliefs | 4 | 5.00 | 50% | 0% | 0% |
| British and Commonwealth History | 1 | 10.00 | 100% | 0% | 0% |
| Current Events | 2 | 15.00 | 100% | 50% | 0% |
| Fine Arts - Visual Fine Arts | 5 | 4.00 | 40% | 0% | 0% |
| History - American History | 4 | 15.00 | 100% | 25% | 25% |
| History - European History | 2 | 10.00 | 50% | 50% | 0% |
| History - World History | 1 | 0.00 | 0% | 0% | 0% |
| Literature - American Literature | 2 | 10.00 | 100% | 0% | 0% |
| Literature - British Literature | 2 | 5.00 | 50% | 0% | 0% |
| Literature - European Literature | 2 | 10.00 | 100% | 0% | 0% |
| Other Science: Computer Science | 1 | 10.00 | 100% | 0% | 0% |
| Philosophy | 3 | 6.67 | 67% | 0% | 0% |
| Science - Biology | 1 | 0.00 | 0% | 0% | 0% |
| Science - Chemistry | 3 | 0.00 | 0% | 0% | 0% |
| Science - Physics | 3 | 0.00 | 0% | 0% | 0% |
| Social Science | 2 | 5.00 | 50% | 0% | 0% |
| World and Other Literature | 4 | 0.00 | 0% | 0% | 0% |